Normal view
MARC view
- World War, 1939-1945
Entry Topical Term
001 - CONTROL NUMBER
- control field: 101859
003 - CONTROL NUMBER IDENTIFIER
- control field: NUST
005 - DATE AND TIME OF LATEST TRANSACTION
- control field: 20221031105401.0
008 - FIXED-LENGTH DATA ELEMENTS
- fixed length control field: 221031|| aca||aabn | a|a d
040 ## - CATALOGING SOURCE
- Original cataloging agency: NUST
- Transcribing agency: NUST
150 ## - HEADING--TOPICAL TERM
- Topical term or geographic name entry element: World War, 1939-1945
- Form subdivision: Personal narratives, Japanese
670 ## - SOURCE DATA FOUND
- Source citation: Work cat.: (NUST)0: The Atomic bomb :, 2015.
